L'Home i les armes / Bernard Shaw ; traducció de Jaume Melendres ; prefaci de Bernard Shaw
Descripción Física:
121 p. ; 17'5 cm
Otros Autores:
Melendres, Jaume, 1941-2009
MARC
| LEADER | 00000nam a2200000Ia 4500 | ||
|---|---|---|---|
| 001 | 12087 | ||
| 008 | 160829s1998 xx 000 0 cat d | ||
| 080 | |a L-1-193 | ||
| 100 | |a Shaw, Bernard |9 34977 | ||
| 245 | |a L'Home i les armes / Bernard Shaw ; traducció de Jaume Melendres ; prefaci de Bernard Shaw | ||
| 260 | |a Barcelona : |b Institut del Teatre. Diputació de Barcelona, |c 1998 | ||
| 300 | |a 121 p. ; |c 17'5 cm | ||
| 490 | |a Col·lecció Popular de Teatre Clàssic Universal ; 52 | ||
| 700 | |a Melendres, Jaume, |d 1941-2009 |9 25255 | ||
| 710 | 1 | |a Institut del Teatre (Barcelona, Catalunya) |9 52662 | |
| 901 | |a Arxiu | ||
| 942 | |n 1 | ||
| 952 | |0 0 |1 0 |4 0 |6 L1193 |7 1 |9 46717 |a Arxiu |b Arxiu |d 2016-12-01 |l 0 |o L-1-193 |p 12087 |r 2016-12-01 00:00:00 |w 2016-12-01 |y ARXIU | ||
| 999 | |c 50510 |d 50510 | ||